La teoría de la novela realista de Ortega y la teoría de lo cómico de Bergson / (Registro nro. 91382)

Detalles MARC
000 -CABECERA
Campo de control de longitud fija 01261caa a22003252u 4500
001 - NÚMERO DE CONTROL
Campo de control ARTICULO-005390
003 - IDENTIFICADOR DEL NÚMERO DE CONTROL
Campo de control AR-TrUNPB
007 - CAMPO FIJO DE DESCRIPCIÓN FÍSICA
Campo de control de longitud fija ta
008 - CÓDIGOS DE INFORMACIÓN DE LONGITUD FIJA
Campo de control de longitud fija 180517b ag r 000 0 spa d
040 ## - FUENTE DE LA CATALOGACIÓN
Centro catalogador de origen AR-TrUNPB
100 1# - PUNTO DE ACCESO PRINCIPAL - NOMBRE DE PERSONA
Nombre de persona Fernández, Pelayo H
9 (RLIN) 8082
245 13 - MENCIÓN DE TÍTULO
Título La teoría de la novela realista de Ortega y la teoría de lo cómico de Bergson /
Mención de responsabilidad etc. Pelayo H Fernández
300 ## - DESCRIPCIÓN FÍSICA
Extensión p. 173-182 :
Otras características físicas il
520 ## - NOTA DE SUMARIO; ETC.
Sumario etc. El artículo analiza la comicidad tomando como ejemplo la novela "Don Quijote de la Mancha"
590 ## - Nota local
Nota local Registros migrados a formato MARC
650 #7 - PUNTO DE ACCESO ADICIONAL DE MATERIA - TÉRMINO DE MATERIA
Término de materia o nombre geográfico como elemento inicial LITERATURA
Fuente del encabezamiento o término
9 (RLIN) 4285
650 #7 - PUNTO DE ACCESO ADICIONAL DE MATERIA - TÉRMINO DE MATERIA
Término de materia o nombre geográfico como elemento inicial ESPAÑA
Fuente del encabezamiento o término Unescot
9 (RLIN) 3061
650 #7 - PUNTO DE ACCESO ADICIONAL DE MATERIA - TÉRMINO DE MATERIA
Término de materia o nombre geográfico como elemento inicial FRANCIA
Fuente del encabezamiento o término Unescot
9 (RLIN) 3363
650 #7 - PUNTO DE ACCESO ADICIONAL DE MATERIA - TÉRMINO DE MATERIA
Término de materia o nombre geográfico como elemento inicial NOVELAS
Fuente del encabezamiento o término Unescot
9 (RLIN) 4705
650 #0 - PUNTO DE ACCESO ADICIONAL DE MATERIA - TÉRMINO DE MATERIA
Término de materia o nombre geográfico como elemento inicial LITERATURA ESPAÑOLA
9 (RLIN) 43
650 #4 - PUNTO DE ACCESO ADICIONAL DE MATERIA - TÉRMINO DE MATERIA
Término de materia o nombre geográfico como elemento inicial CERVANTES SAAVEDRA, MIGUEL DE, 1547-1616
650 #4 - PUNTO DE ACCESO ADICIONAL DE MATERIA - TÉRMINO DE MATERIA
Término de materia o nombre geográfico como elemento inicial ORTEGA Y GASSET, JOSE. 1883-1955
650 #4 - PUNTO DE ACCESO ADICIONAL DE MATERIA - TÉRMINO DE MATERIA
Término de materia o nombre geográfico como elemento inicial BERGSON, HENRI. 1859-1941
650 #4 - PUNTO DE ACCESO ADICIONAL DE MATERIA - TÉRMINO DE MATERIA
Término de materia o nombre geográfico como elemento inicial NOVELAS REALISTAS
9 (RLIN) 487
650 #4 - PUNTO DE ACCESO ADICIONAL DE MATERIA - TÉRMINO DE MATERIA
Término de materia o nombre geográfico como elemento inicial ANALISIS DEL TEXTO
9 (RLIN) 16
650 #0 - PUNTO DE ACCESO ADICIONAL DE MATERIA - TÉRMINO DE MATERIA
Término de materia o nombre geográfico como elemento inicial COMEDIAS EN PROSA
9 (RLIN) 6793
773 0# - ENLACE AL DOCUMENTO FUENTE
Número bibliográfico anfitrión 84184
Otro identificador del documento TP0000655
Título Cuadernos del sur
Lugar editor y fecha de publicación Bahia Blanca : Universidad Nacional del Sur. Departamento de Humanidades , 1966-
Número de control del registro relacionado Revis2-000008
Parte(s) relacionada(s) X1001 : Vol. 00, no. 14 (1981) ; p. 173-182
Número de ítem anfitrión 103464
942 ## - ENTRADA PARA ELEMENTOS AGREGADOS (KOHA)
Koha [por defecto] tipo de item Artículos
910 ## - Catalogador e indizador
Catalogador/fecha sf070625

No hay ítems disponibles.

Con tecnología Koha